000 00371nam a2200145Ia 4500
008 221030s9999 xx 000 0 und d
041 _aEnglish
082 _a105.23
_bRav
100 _aD. Ravichandran
245 0 _aProgramming in C
_cby D. Ravichandran
260 _bNew Age International Pub.
_aNew Delhi
_c2005
300 _a463
650 _aBE Computer
942 _cBK
999 _c4743
_d4743